استحکام پاکستان (Record no. 89080)
[ view plain ]
| 000 -LEADER | |
|---|---|
| fixed length control field | 00481nam a22001697a 4500 |
| 005 - DATE AND TIME OF LATEST TRANSACTION | |
| control field | 20161206114007.0 |
| 008 - FIXED-LENGTH DATA ELEMENTS--GENERAL INFORMATION | |
| fixed length control field | 161206b xxu||||| |||| 00| 0 eng d |
| 020 ## - INTERNATIONAL STANDARD BOOK NUMBER | |
| International Standard Book Number | 9698983015 |
| 040 ## - CATALOGING SOURCE | |
| Transcribing agency | PK-LaUMT |
| 082 ## - DEWEY DECIMAL CLASSIFICATION NUMBER | |
| Classification number | MMC 954.91 |
| Item number | AZA-I |
| 100 ## - MAIN ENTRY--PERSONAL NAME | |
| Personal name | اعظم ، کے ایم |
| 245 ## - TITLE STATEMENT | |
| Title | استحکام پاکستان |
| Remainder of title | پس چہ باید کرد؟ |
| Statement of responsibility, etc | کے ایم اعظم |
| 260 ## - PUBLICATION, DISTRIBUTION, ETC. (IMPRINT) | |
| Place of publication, distribution, etc | لاہور |
| Name of publisher, distributor, etc | کتاب سرائے |
| Date of publication, distribution, etc | 2006 |
| 300 ## - PHYSICAL DESCRIPTION | |
| Extent | 248 ص |
| 546 ## - LANGUAGE NOTE | |
| Language note | اردو |
| 942 ## - ADDED ENTRY ELEMENTS (KOHA) | |
| Koha item type | Books |
| Withdrawn status | Lost status | Damaged status | Home library | Current library | Date acquired | Full call number | Barcode | Date last seen | Price effective from | Koha item type |
|---|---|---|---|---|---|---|---|---|---|---|
| UMT Main Campus | UMT Main Campus | 2016-12-06 | MMC 954.91 AZA-I | 102880 | 2016-12-06 | 2016-12-06 | Books |
